Catalog

Record Details

Catalog Search



Cestou necestou  Cover Image Book Book

Cestou necestou / Alfréd Kocáb

Available copies

  • 1 of 1 copy available at Common Catalog SPOK.

Holds

  • 0 current holds with 1 total copy.
Show Only Available Copies
Location Call Number / Copy Notes Barcode Shelving Location Status Due Date
Jabok Library VO-1.2.1/K 424480024486 Odborná literatura Available -

LDR 02557nam a2200649 a 4500
0011199
003CZ-PrJAB
00520151231102848.0
007ta
008070514s2007 xr acf e 000 1acze
015 . ‡acnb001719507
020 . ‡a978-80-86057-41-5 ‡q(brož.)
035 . ‡a(CZ PrNK)nkc20071719507
035 . ‡a(OCoLC)173205641
040 . ‡aOLA001 ‡bcze
043 . ‡ae-xr--- ‡ae-cs---
045 . ‡ax2x9
072 7. ‡a271/279 ‡xKřesťanské církve, sekty, denominace ‡2Konspekt ‡95
072 7. ‡a929 ‡xBiografie ‡2Konspekt ‡98
080 . ‡a929 ‡2MRF
080 . ‡a274/278-726.3 ‡2MRF
080 . ‡a27-46 ‡2MRF
080 . ‡a27-4 ‡2MRF
080 . ‡a322 ‡2MRF
080 . ‡a27-662:3 ‡2MRF
080 . ‡a2-6 ‡2MRF
080 . ‡a323 ‡2MRF
080 . ‡a(437) ‡2MRF
080 . ‡a(437.3) ‡2MRF
080 . ‡a(0:82-94) ‡2MRF
1001 . ‡aKocáb, Alfréd, ‡d1925- ‡7mzk2007401224 ‡4aut
24510. ‡aCestou necestou / ‡cAlfréd Kocáb
260 . ‡aStředokluky : ‡bZdeněk Susa, ‡c2007
300 . ‡a238 s., [8] s. obr. příl. : ‡bil., portréty ; ‡c18 cm
4901 . ‡aV živé paměti ; ‡vsv. 7
60017. ‡aKocáb, Alfréd, ‡d1925- ‡7mzk2007401224 ‡2czenas
61027. ‡aČeskobratrská církev evangelická ‡7kn20010724094 ‡2czenas
648 7. ‡a20.-21. století ‡7ch462155 ‡2czenas
65007. ‡aevangeličtí duchovní ‡7ph120049 ‡zČesko ‡y20.-21. století ‡2czenas
65007. ‡apastorace ‡7ph123988 ‡zČesko ‡y20.-21. století ‡2czenas
65007. ‡acírkevní život ‡7ph119306 ‡zČesko ‡y20.-21. století ‡2czenas
65007. ‡astát a církev ‡7ph116308 ‡zČeskoslovensko ‡y20.-21. století ‡2czenas
65007. ‡akřesťanství a společnost ‡7ph138510 ‡zČeskoslovensko ‡y20.-21. století ‡2czenas
65009. ‡aEvangelical ministers ‡zCzechia ‡y20th-21st centuries ‡2eczenas
65009. ‡apastoral care ‡zCzechia ‡y20th-21st centuries ‡2eczenas
65009. ‡achurch life ‡zCzechia ‡y20th-21st centuries ‡2eczenas
65009. ‡achurch and state ‡zCzechoslovakia ‡y20th-21st centuries ‡2eczenas
65009. ‡aChristianity and civilization ‡zCzechoslovakia ‡y20th-21st centuries ‡2eczenas
651 7. ‡aČeskoslovensko ‡7ge131689 ‡xnáboženské poměry ‡2czenas
651 7. ‡aČeskoslovensko ‡7ge131689 ‡xspolečnost a politika ‡2czenas
651 9. ‡aCzechoslovakia ‡xreligious conditions ‡2eczenas
651 9. ‡aCzechoslovakia ‡xsociety and politics ‡2eczenas
655 7. ‡aautobiografické vzpomínky ‡7fd131854 ‡2czenas
655 9. ‡aautobiographical reminiscences ‡2eczenas
830 0. ‡aV živé paměti
910 . ‡aABG312
901 . ‡a1199 ‡bUnknown ‡c1199 ‡tbiblio

Additional Resources